| 000 | 00828nam a22002177a 4500 | ||
|---|---|---|---|
| 999 |
_c12509 _d12509 |
||
| 003 | AR-CdUCM | ||
| 008 | 190325b ||||| |||| 00| 0 spa d | ||
| 040 |
_aMUNICIPALIDAD PROVINCIAL DEL CUSCO _cBIBLIOTECA MUNICIPAL DEL CUSCO |
||
| 082 |
_aC / 070.57 / _bC18 |
||
| 100 |
_aCalvo C., Rossano _95422 |
||
| 245 |
_aPeriodismo e historia local : _bel diario El Sol de Cusco, 1900-1950 / |
||
| 260 |
_aCusco : _bInstituto Nacional de Cultura, _c2002. |
||
| 300 |
_a279 páginas ; _c21 cm. |
||
| 505 | _aContenido : El diario El Sol en el Cusco de antaño -- Periodismo e Historia Local -- Contribución al estudio del Cusqueñismo. | ||
| 650 |
_aPeriódicos _923804 |
||
| 650 |
_aPeriodismo _91929 |
||
| 650 |
_aPeriodismo Cusqueño _923805 |
||
| 710 |
_aInstituto Nacional de Cultura _99 |
||
| 942 |
_2ddc _cLIBROS |
||
| 945 | _aacv | ||